000
00318nam a22001337a 4500
008
181018b xxu||||| |||| 00| 0 eng d
020
_a
0060155078
041
_a
eng
080
_a
370
100
_a
48
101
_a
edu
245
_a
College The Undergraduate Experience In America
_c
Boyer.E.L
942
_2
udc
_c
BK
999
_c
50153
_d
50153